000 00714nam a2200157Ia 4500
008 090124s9999 xx 000 0 und d
082 _b3628
245 _a रघुमाथ पंडित विरचित नल-दमयंती स्वयंवर
250 _a1
260 _bसोमय्या पब्लिकेशन्स प्रा. लि. बॉँम्बे
_c1971
300 _a140
630 _a रघुमाथ पंडित विरचित नल-दमयंती स्वयंवर
700 _aभिडे श्री.र.
730 _a रघुमाथ पंडित विरचित नल-दमयंती स्वयंवर
942 _cBOOK
999 _c82912
_d82912